Effect of a new antioxidant 2,3-dihydromelatonin on ischemic brain injury

Bibliographic Details
Main Authors: Ondrejičková, Oľga, 1940- (Author), Rapková, M. (Author), Šnirc, V (Author), Dubovický, Michal, 1966- (Author), Jariabka, P (Author), Zacharová, S (Author), Štolc, Svorad, 1939-2023 (Author)
Corporate Author: Farmakologické dny (Author)
Format: Conference Proceeding Article
Language:English
ISSN:1210-6313
Subjects:

MARC

LEADER 00000nab a2200000 a 4500
001 vtls008874964
003 SK-MaSNL
005 20260413092433.0
008 040806c2005 xo 0 eng
015 |a SNBCL2005/5 
035 |a SLK036566 
040 |a SLKCL  |b slo  |c SNKBUCL  |e AACR2 
041 1 |a eng 
044 |a xo  |c SK 
080 |a 616.831-005.4-092.9:615.014.425:061.3  |2 1981 
245 0 0 |a Effect of a new antioxidant 2,3-dihydromelatonin on ischemic brain injury  |c O. Ondrejičková ... [et al.] 
650 0 7 |a ischémia mozgu  |x patofyziológia  |2 MESH  |9 1217666 
650 0 7 |a neuroprotektíva  |2 MESH  |9 1505287 
650 0 7 |a antioxidanty  |2 MESH  |9 13472 
650 0 7 |a experimentovanie na zvieratách  |2 MESH  |9 1217668 
650 0 7 |a abstrakty z kongresu  |2 MESH  |9 168204 
700 1 |a Ondrejičková, Oľga,  |d 1940-  |4 aut  |9 7295 
700 1 |a Rapková, M.  |4 aut  |9 1217669 
700 1 |a Šnirc, V  |4 aut  |9 796678 
700 1 |a Dubovický, Michal,  |d 1966-  |4 aut  |9 12625 
700 1 |a Jariabka, P  |4 aut  |9 1217670 
700 1 |a Zacharová, S  |4 aut  |9 92501 
700 1 |a Štolc, Svorad,  |d 1939-2023  |4 aut  |9 97783 
711 2 |a Farmakologické dny  |n (55. :  |d 2005 :  |c Hradec-Králové, Česko)  |4 aut  |9 132809 
773 0 |w SERIAL_GENERAL*000069*2005*005*004  |x 1210-6313  |t Československá fyziologie  |g Roč. 54, č. 4 (2005), s. 205 
850 |a Slovenská lekárska knižnica v Bratislave  |a BA006 
852 |a BA006  |b KIS3GCP  |b 000500000 
999 |c 2133689  |d 2135619